សេចក្ដីព្រាងច្បាប់ស្ដីពី ការគ្រប់គ្រងថ្នាំកសិកម្មនិងជីកសិកម្ម (Record no. 9793)
[ view plain ]
| 000 -LEADER | |
|---|---|
| fixed length control field | 00391nam a22001097a 4500 |
| 040 ## - CATALOGING SOURCE | |
| Transcribing agency | SY |
| 082 ## - DEWEY DECIMAL CLASSIFICATION NUMBER | |
| Classification number | 632 |
| 100 ## - MAIN ENTRY--AUTHOR NAME | |
| Personal name | នុត ចន្ថា |
| 245 ## - TITLE STATEMENT | |
| Title | សេចក្ដីព្រាងច្បាប់ស្ដីពី ការគ្រប់គ្រងថ្នាំកសិកម្មនិងជីកសិកម្ម |
| 260 ## - PUBLICATION, DISTRIBUTION, ETC. (IMPRINT) | |
| Place of publication | NA |
| Name of publisher | នុត |
| Year of publication | NA |
| 942 ## - ADDED ENTRY ELEMENTS (KOHA) | |
| Koha item type | សៀវភៅភាសាខ្មែរ |
| 952 ## - LOCATION AND ITEM INFORMATION (KOHA) | |
| Withdrawn status [LOCAL, KOHA] | 0 |
| Permanent Location | Date acquired | Koha item type | Lost status | Shelving location | Barcode | Current Location | Full call number |
|---|---|---|---|---|---|---|---|
| Library Block C | 2016-09-12 | សៀវភៅភាសាខ្មែរ | C241 | RUA44328 | Library Block C | 632 នុត NA C241 |